01699nam a2200457 i 450000100060000000300080000600500170001400600190003100700150005000800410006502000180010602000280012403500210015204000310017305000210020408000080022508200150023310000290024824500670027726400650034430000530040933600310046233700330049333800430052649000450056950000230061450400290063758800830066659001620074965000280091165000420093965000290098165000320101065000130104265000150105565500270107079700180109783000460111585600630116199900170122498392FINmELB20241217172743.0m o d | cr cnu||||||||161114s2013 mx ob 001 0 spa d z9789681680367 a9786071613806q(e-book) a(OCoLC)984802489 aFINmELBbspaerdacFINmELB 4aQH107bH558 2013 a5020 a508.722231 aHernández, Héctor M.13aLa vida en los desiertos mexicanos /cHéctor M. Hernández. 1aMéxico D.F. :bFCE - Fondo de Cultura Económica,c[2013] a1 recurso en línea (136 páginas sin numerar) atextobtxt2rdacontent/spa acomputadorabc2rdamedia/spa arecurso en líneabcr2rdacarrier/spa1 aColección La ciencia para todos ;v213 aContiene índice. aContiene bibliografía. aDescripción basada en metadatos suministrados por el editor y otras fuentes. aRecurso electrónico. Santa Fe, Arg.: elibro, 2020. Disponible vía World Wide Web. El acceso puede estar limitado para las bibliotecas afiliadas a elibro. 0aDesert biologyzMexico. 4aBiología de los desiertozMéxico. 0aNatural historyzMexico. 4aHistoria naturalzMéxico. 0aDeserts. 4aDesiertos. 4aLibros electrónicos.2 aelibro, Corp. 0aColección La ciencia para todos ;v213.40uhttps://elibro.net/ereader/politecnicointernacional/110170 c98392d98392